000 01148cam a22003135a 4500
001 L159367
008 161219s2016 xxk f 000 0 eng d
020 _a9781315722610
035 _a(Sirsi) u159367
041 0 _aeng
100 1 _aHarper, David
245 0 0 _aHotels and resorts
_h[electronic resource]
250 _a1st edition
260 _aLondon
_bRoutledge
_c2016
520 _aPresents a comprehensive analysis of how leisure properties including hotels, golf courses, spas, gyms and health clubs and resorts are developed, operate and are valued. Provides an insight into the whole lifr-cycle of the leisure property ownership. Includes worked examples of valuations, development issues and sales processes.
590 _aKA
650 2 4 _aEBOOK
650 2 4 _aHOTELS
650 2 4 _aLEISURE
650 2 4 _aGOLF COURSES
650 2 4 _aSPAS
650 _aHEALTH CLUBS
651 4 _aInternational
690 _aCommercial property
_96227
690 _aInvestments
_96250
690 _aValuation
_96273
856 4 0 _uhttps://www.vlebooks.com/
_zView on VLEbooks. Logins for members only from [email protected]
942 _n0
999 _c115839
_d115839